MPK Włocławek Trasa Linii 1 - Statystyki

Ogólne statystyki
  • Ten quiz został rozwiązany 29 razy
  • Średni wynik to 11 z 16
Statystyki odpowiedzi
Lp. Przystanek % Poprawnych
1 Wiejska (pętla)
95%
5 Kapitulna
90%
7 Dom Rzemiosła
86%
9 Mostowa
86%
16 Grodzka (pętla)
81%
2 Skłodowskiej-Curie
81%
3 Wyspiańskiego
76%
6 Centrum Przesiadkowe Dworzec PKP
71%
4 Słoneczna
71%
8 Brzeska
67%
10 Willowa
62%
15 Klonowa
57%
13 Jagodowa
52%
12 Jałowcowa
48%
14 Witoszyńska
48%
11 Wrzosowa
48%
Nie znaleziono quizów pasujących do podanych kryteriów
Rozkład punktacji
Procent ludzi z każdym wynikiem
Percentyl według liczby udzielonych odpowiedzi
Twoja historia wyników
Nie rozwiązałeś tego quizu